000 00348nam a22001217a 4500
003 OSt
008 250215b |||||||| |||| 00| 0 eng d
041 _aeng
100 _aIndian Management Academy
_97158
245 _aApplied Management for Agricultural Universities and Colleges Vol.1
260 _aLucknow:
_bIndian Management Academy,
942 _cBK
999 _c19388
_d19388